Classifica Marcatori Ligue 1 2012-2013 - Statistics

Statistiche generali
  • Questo quiz è stato fatto 2 volte
  • Il punteggio medio è 4 su 16
Statistiche sulle risposte
Gol Nazione Squadra Calciatore % Corretto
12 Francia Lilla Dimitri Payet
100%
19 Gabon Saint-Étienne Pierre-Emerick Aubameyang
100%
30 Svezia Paris Saint-Germain Zlatan Ibrahimović
100%
11 Romania Ajaccio Adrian Mutu
50%
13 Francia Olympique Marsiglia André-Pierre Gignac
0%
15 Francia Bastia Anthony Modeste
0%
16 Francia Olympique Lione Bafétimbi Gomis
0%
11 Brasile Saint-Étienne Brandão
0%
19 Argentina Nizza Darío Cvitanich
0%
12 Israele Tolosa Eden Ben Basat
0%
15 Francia Lorient Jérémie Aliadière
0%
11 Francia Rennes Julien Féret
0%
11 Argentina Olympique Lione Lisandro López
0%
13 Tunisia Évian TG Saber Khelifa
0%
14 Costa d'Avorio Lilla Salomon Kalou
0%
15 Francia Tolosa Wissam Ben Yedder
0%
Nessun quiz corrispondente trovato
Distribuzione punteggi
Percentuale di utenti per punteggio
Percentile per numero di risposta
I tuoi punteggi nel tempo
Non hai fatto questo quiz